| Tag |
First Indicator |
Second Indicator |
Subfields |
| LEADER |
00000cam a2200000 a 4500 |
| 001 |
in00000001938 |
| 005 |
20151007050600.0 |
| 008 |
981124s1998 txuab b f000 0 eng d |
| 035 |
|
|
|a (OCoLC)40390331
|
| 035 |
|
|
|9 AJC2624AM
|
| 040 |
|
|
|a GPO
|c GPO
|d DLC
|d MvI
|d UtOrBLW
|
| 043 |
|
|
|a n-us-tx
|
| 049 |
|
|
|a UDOC
|
| 074 |
|
|
|a 0624-B
|
| 086 |
0 |
|
|a I 19.42/4:98-4099
|
| 100 |
1 |
|
|a Lanning-Rush, Jennifer.
|
| 245 |
1 |
0 |
|a Extreme precipitation depths for Texas, excluding the Trans-Pecos region /
|c by Jennifer Lanning-Rush, William H. Asquith, and Raymond M. Slade, Jr. ; in cooperation with the Texas Department of Transporation.
|
| 264 |
|
1 |
|a Austin, Tex. :
|b U.S. Dept. of the Interior, U.S. Geological Survey ;
|c 1998.
|
| 264 |
|
2 |
|a Denver, CO :
|b Branch of Information Services [distributor],
|
| 300 |
|
|
|a iii, 38 pages :
|b illustrations, maps ;
|c 28 cm.
|
| 336 |
|
|
|a text
|b txt
|2 rdacontent
|
| 337 |
|
|
|a unmediated
|b n
|2 rdamedia
|
| 338 |
|
|
|a volume
|b nc
|2 rdacarrier
|
| 490 |
1 |
|
|a Water-resources investigations report ;
|v 98-4099
|
| 500 |
|
|
|a Shipping list number: 99-0011-P.
|
| 504 |
|
|
|a Includes bibliographical references: (pages 4-7).
|
| 650 |
|
0 |
|a Precipitation (Meteorology)
|z Texas
|x Measurements.
|
| 650 |
|
0 |
|a Rainfall intensity duration frequencies
|z Texas.
|
| 650 |
|
0 |
|a Rain gauges
|z Texas.
|
| 700 |
1 |
|
|a Asquith, William H.
|
| 700 |
1 |
|
|a Slade, R. M.
|
| 710 |
1 |
|
|a Texas.
|b Department of Transportation.
|
| 710 |
2 |
|
|a Geological Survey (U.S.)
|
| 830 |
|
0 |
|a Water-resources investigations report ;
|v 98-4099.
|
| 999 |
|
|
|a MARS
|
| 999 |
f |
f |
|s 41ba0852-c72f-3baf-82c4-447a66f47e2f
|i 45ee6a37-ed93-3ce5-b484-cd1dfbaf1333
|t 0
|
| 952 |
f |
f |
|p normal
|a Texas A&M University
|b College Station
|c Sterling C. Evans Library
|d Evans: US Documents (Annex 5th floor)
|t 0
|e I 19.42/4:98-4099
|h Superintendent of Documents classification
|i unmediated -- volume
|m A14824396739
|
| 998 |
f |
f |
|a I 19.42/4:98-4099
|t 0
|l Evans: US Documents (Annex 5th floor)
|